Top 100 Super Nintendo Spiele - Statistiken

Allgemein
  • Dieses Quiz wurde 482 mal gespielt
  • Das Durchschnittsergebnis liegt bei 7 aus 100
Antwortstatistiken
# Spiel % Korrekt
8 Super Mario Kart
85%
5 Super Mario World
54%
7 Super Mario World 2: Yoshi's Island
38%
1 The Legend of Zelda: A Link to the Past
32%
28 Donkey Kong Country
28%
18 F-Zero
23%
6 Street Fighter II Turbo
21%
16 Donkey Kong Country 2: Diddy's Kong Quest
20%
4 Final Fantasy III
20%
3 Super Metroid
20%
58 Donkey Kong Country 3: Dixie Kong's Double Trouble!
18%
14 Final Fantasy II
18%
84 Super Tennis
18%
9 Star Fox
17%
11 Secret of Mana
16%
2 Chrono Trigger
12%
13 Earthbound
12%
49 Super Bomberman
11%
20 Super Mario All-Stars
11%
64 International Superstar Soccer
10%
22 Mario Paint
10%
83 Super Star Wars
10%
26 Super Star Wars: Return of the Jedi
10%
91 Super Star Wars: The Empire Strikes Back
10%
21 Super Castlevania IV
9%
60 Aladdin
8%
25 Mortal Kombat II
8%
10 Super Mario RPG: Legend of the Seven Stars
8%
17 Super Punch-Out!!!
8%
81 The Death and Return of Superman
8%
66 The Lion King
8%
12 Mega Man X
7%
31 Mega Man X2
7%
67 Mega Man X3
7%
46 Harvest Moon
6%
35 Sim City
6%
39 Teenage Mutant Ninja Turtles: Turtles in Time
6%
42 EVO: Search for Eden
5%
74 Illusion of Gaia
5%
34 Lufia II: Rise of the Sinistrals
5%
75 Madden '94
5%
43 Breath of Fire
4%
24 Contra III: The Alien Wars
4%
62 Kirby's Dreamland 3
4%
47 Kirby Super Star
4%
85 Spider-Man & Venom: Maximum Carnage
4%
53 Breath of Fire II
3%
57 Earthworm Jim
3%
36 NBA Jam
3%
80 Pilotwings
3%
92 Super Double Dragon
3%
19 ActRaiser
2%
100 Final Fight
2%
68 Kirby's Avalanche
2%
59 NHL '94
2%
89 Super Bomberman 2
2%
51 Super Ghouls 'n Ghosts
2%
15 Tetris Attack
2%
30 The Lost Vikings
2%
78 X-Men: Mutant Apocalypse
2%
48 Zombies Ate My Neighbors
2%
56 Alien 3
1%
55 Axelay
1%
90 Blackthorne
1%
44 Demon's Crest
1%
40 Earthworm Jim 2
1%
63 Fatal Fury 2
1%
79 Flashback
1%
45 Gradius III
1%
82 Killer Instinct
1%
38 Kirby's Dream Course
1%
32 Legend of the Mystical Ninja
1%
41 Ogre Battle: March of the Black Queen
1%
70 Populous
1%
77 Shadowrun
1%
27 Tetris & Dr. Mario
1%
23 The Magical Quest Starring Mickey Mouse
1%
95 Top Gear 2
1%
98 Uniracers
1%
37 UN Squadron
1%
29 Wario's Woods
1%
50 Yoshi's Cookie
1%
54 Bust-a-Move
0%
61 Joe & Mac 2: Lost in the Tropics
0%
71 Jungle Strike
0%
52 Ken Griffey Jr.'s Winning Run
0%
33 Metal Warriors
0%
69 Out of this World
0%
73 Pocky & Rocky 2
0%
72 Rock n' Roll Racing
0%
65 R-Type III
0%
76 Soul Blazer
0%
87 Sparkster
0%
96 Street Fighter Alpha 2
0%
86 Stunt Race FX
0%
88 Sunset Riders
0%
93 Super Turrican 2
0%
94 The Adventures of Batman & Robin
0%
99 Tiny Toon Adventures: Buster Busts Loose
0%
97 Ultimate Mortal Kombat 3
0%
Keine übereinstimmenden Quizze gefunden
Verteilung der Resultate
Anzahl Personen mit jedem Resultat
Perzentil nach korrekt beantworteten Fragen
Ihre Resultats-Entwicklung
Sie haben dieses Quiz noch nicht gespielt